Building the future : (Record no. 11730)

MARC details
000 -LEADER
fixed length control field 02197cam a22004097a 4500
001 - CONTROL NUMBER
control field 15159211
003 - CONTROL NUMBER IDENTIFIER
control field EG-ScBUE
005 - DATE AND TIME OF LATEST TRANSACTION
control field 20221027113330.0
008 - FIXED-LENGTH DATA ELEMENTS--GENERAL INFORMATION
fixed length control field 080129t2008 gw ae f b 001 0 eng d
020 ## - INTERNATIONAL STANDARD BOOK NUMBER
International Standard Book Number 3791339265
020 ## - INTERNATIONAL STANDARD BOOK NUMBER
International Standard Book Number 9783791339269
035 ## - SYSTEM CONTROL NUMBER
System control number (OCoLC)ocn191856233
040 ## - CATALOGING SOURCE
Original cataloging agency YDXCP
Language of cataloging eng
Description conventions rda
Transcribing agency YDXCP
Modifying agency BAKER
-- OHX
-- TXA
-- BWX
-- EMU
-- IXA
-- CUY
-- AU@
-- YBM
-- DLC
-- EG-ScBUE
041 1# - LANGUAGE CODE
Language code of text/sound track or separate title eng
Language code of original and/or intermediate translations of text ger
082 04 - DEWEY DECIMAL CLASSIFICATION NUMBER
Classification number 720.9
Edition number 22
Item number PFA
100 1# - MAIN ENTRY--PERSONAL NAME
Personal name Pfammatter, Ulrich,
Relator term author.
9 (RLIN) 5765
240 10 - UNIFORM TITLE
Uniform title <a href="In die Zukunft gebaut.">In die Zukunft gebaut.</a>
Language of a work English
245 10 - TITLE STATEMENT
Title Building the future :
Remainder of title building technology and cultural history from the Industrial Revolution until today /
Statement of responsibility, etc Ulrich Pfammatter ; [translated from the German by Jeremy Gaines and James Roderick O'Donovan].
264 #1 - PUBLICATION, DISTRIBUTION, ETC. (IMPRINT)
Place of publication, distribution, etc Munich ;
-- New York :
Name of publisher, distributor, etc Prestel,
Date of publication, distribution, etc [2008]
264 #4 - PUBLICATION, DISTRIBUTION, ETC. (IMPRINT)
Date of publication, distribution, etc c2008
300 ## - PHYSICAL DESCRIPTION
Extent 325 pages :
Other physical details illustrations (chiefly color), plans ;
Dimensions 29 cm
336 ## - CONTENT TYPE
Source rdacontent
Content type term text
Content type code txt
337 ## - MEDIA TYPE
Source rdamedia
Media type term unmediated
Media type code n
338 ## - CARRIER TYPE
Source rdacarrier
Carrier type term volume
Carrier type code nc
504 ## - BIBLIOGRAPHY, ETC. NOTE
Bibliography, etc Includes bibliographical references and index.
505 0# - FORMATTED CONTENTS NOTE
Formatted contents note From greenhouse to 'high-tech' hothouse' - virtual experience space of industrial and communicative societies -- Building as an art or the art of building? Railway sheds, expo pavilions, terminals - spatial landscapes of the future -- How concrete became lighter - 100 years of concrete pioneers -- The 'liberated facade' - from wall to partition to skin -- Process thinking conquers construction - industrialisation from the balloon frame to the skyscraper -- "Sustainable building design" - a future project -- Sir Ove Arup: the key search, 1970.
546 ## - LANGUAGE NOTE
Language note Text in English ; translated from the original German.<br/>
650 #7 - SUBJECT ADDED ENTRY--TOPICAL TERM
Topical term or geographic name as entry element Architecture, Modern
Chronological subdivision 19th century.
Source of heading or term BUEsh
9 (RLIN) 5766
650 #7 - SUBJECT ADDED ENTRY--TOPICAL TERM
Topical term or geographic name as entry element Architecture, Modern
Chronological subdivision 20th century.
Source of heading or term BUEsh
9 (RLIN) 5767
650 #7 - SUBJECT ADDED ENTRY--TOPICAL TERM
Topical term or geographic name as entry element Architectural design.
Source of heading or term BUEsh
9 (RLIN) 5768
650 #7 - SUBJECT ADDED ENTRY--TOPICAL TERM
Topical term or geographic name as entry element Building
General subdivision Technological innovations.
Source of heading or term BUEsh
9 (RLIN) 5769
650 #7 - SUBJECT ADDED ENTRY--TOPICAL TERM
Topical term or geographic name as entry element Building materials
General subdivision Technological innovations.
Source of heading or term BUEsh
9 (RLIN) 5770
653 ## - INDEX TERM--UNCONTROLLED
Resource For college Engineering, Architecture
655 ## - INDEX TERM--GENRE/FORM
Form subdivision Reading book
942 ## - ADDED ENTRY ELEMENTS (KOHA)
Source of classification or shelving scheme Dewey Decimal Classification
Koha item type Book - Borrowing
Holdings
Withdrawn status Lost status Source of classification or shelving scheme Damaged status Not for loan Collection code Home library Current library Shelving location Date acquired Source of acquisition Cost, normal purchase price Serial Enumeration / chronology Total Checkouts Total Renewals Full call number Barcode Date last seen Date checked out Price effective from Koha item type
    Dewey Decimal Classification     Alahram Central Library Central Library Second Floor 03/06/2009   432.00 383 5 12 720.9 PFA 000016480 15/07/2025 18/10/2012 03/06/2009 Book - Borrowing